Sposoby badań charakterystyk dynamicznych zdalnie sterowanych fizycznych modeli samochodów / (Rekord nr 3280)
| 000 -ETYKIETA REKORDU | |
|---|---|
| podpole kontrolne o stałej długości | 01658naa a2200289 i 4500 |
| 001 - NUMER KONTROLNY REKORDU | |
| podpole kontrolne | 3280 |
| 003 - IDENTYFIKATOR NUMERU KONTROLNEGO REKORDU | |
| podpole kontrolne | KOSZ 005 |
| 005 - DATA OSTATNIEJ MODYFIKACJI REKORDU | |
| podpole kontrolne | 20180214113725.0 |
| 008 - POLE O STAŁEJ DŁUGOŚCI - DANE KONTROLNE | |
| podpole kontrolne o stałej długości | 151203s2002 pl f |100 0 pol |
| 040 ## - ŹRÓDŁO KATALOGOWANIA | |
| Instytucja, która utworzyła rekord | BPK |
| Instytucja, która dokonała modyfikacji | KOSZ 005/EG |
| 041 ## - KOD JĘZYKA | |
| Kod języka tekstu | pol |
| Kod języka streszczenia lub abstraktu | eng |
| 044 ## - KOD KRAJU WYDAWCY/PRODUCENTA | |
| Kod kraju wydawcy/producenta | POL |
| 080 ## - UNIWERSALNA KLASYFIKACJA DZIESIĘTNA - UKD | |
| UKD | 629.33 |
| 100 1# - NAZWA OSOBOWA | |
| Nazwa osobowa | POPŁAWSKI, Marek. |
| Lata pracy | 2007 - . |
| Instytucja | Politechnika Koszalińska - Wydział Elektroniki, |
| Wydział | Katedra Inżynierii Komputerowej |
| 245 10 - TYTUŁ/ODPOWIEDZIALNOŚĆ | |
| Tytuł | Sposoby badań charakterystyk dynamicznych zdalnie sterowanych fizycznych modeli samochodów / |
| Pozostałe elementy strefy tytułu i oznaczenia odpowiedzialności | Marek Popławski, Dmitry Czwyrow, Andrzej Smuga, Marcin Jaskólski |
| 246 31 - WARIANT TYTUŁU | |
| Tytuł | Methods of researching of dynamical charakteristics of remote controled physical car models |
| 500 ## - UWAGI OGÓLNE | |
| Tekst uwagi | dane z autopsji. |
| 520 ## - UWAGA DOTYCZĄCA TREŚCI DOKUMENTU | |
| Analiza dokumentacyjna, adnotacja itp. | W artykule opisano system komputerowy do badania charakterystyk dynamicznych zdalnie sterowanych modeli fizycznych samochodów w skali 1:10, którego zadaniem jest sterowanie modelem i rejestracja parametrów telemetrycznych modelu podczas procesu badawczego. |
| 650 #0 - HASŁO PRZEDMIOTOWE W FORMIE NAZWY OGÓLNEJ LUB JEDNOSTKOWEJ | |
| Nazwa ogólna lub geograficzna | Komputery - stosowanie. |
| 650 #0 - HASŁO PRZEDMIOTOWE W FORMIE NAZWY OGÓLNEJ LUB JEDNOSTKOWEJ | |
| Nazwa ogólna lub geograficzna | Sterowanie zdalne. |
| 650 #0 - HASŁO PRZEDMIOTOWE W FORMIE NAZWY OGÓLNEJ LUB JEDNOSTKOWEJ | |
| Nazwa ogólna lub geograficzna | Przetwarzanie danych. |
| 655 #0 - TERMIN INDEKSOWY - OKREŚLENIE RODZAJU/FORMY DOKUMENTU | |
| Określnie rodzaju/formy dokumentu | Materiały konferencyjne. |
| 700 1# - HASŁO DODATKOWE - NAZWA OSOBOWA | |
| Nazwa osobowa | CHVYROV, Dmitry. |
| Lata pracy | 1997 - 2006. |
| Instytucja | Politechnika Koszalińska - Wydział Elektroniki, |
| Wydział | Katedra Inżynierii Komputerowej |
| 773 0# - TYTUŁ DOKUMENTU MACIERZYSTEGO | |
| Wyrażenie wprowadzające | W : |
| Tytuł | Droga krajowa nr 6 osią integracji Pomorza Środkowego i szansą rozwoju motoryzacji : V Słupskie Forum Motoryzacji, Słupsk 18-19 maja 2002. - |
| Adres wydawniczy | Słupsk : Starostwo Powiatowe w Słupsku, 2002. - |
| Informacje dotyczące relacji | s. 47-52 |
| 711 22 - HASŁO DODATKOWE - NAZWA IMPREZY | |
| Nazwa imprezy | Słupskie Forum Motoryzacji |
| Oznaczenie części/sekcji dzieła | (5 ; |
| Data imprezy | 2002 ; |
| Miejsce imprezy | Słupsk, Polska). |
| 942 ## - HASŁO DODATKOWE - ELEMENTY(KOHA) | |
| Typ dokumentu | Rozdział |
| Schemat klasyfikacji | Uniwersalna klasyfikacja dziesiętna |
| Wycofany | Zagubiony | Uszkodzony | Dostępność | Lokalizacja stała | Lokalizacja bieżąca | Sygnatura | Typ dokumentu |
|---|---|---|---|---|---|---|---|
| Dostępny | Bibliografia Prac Pracowników - BPK | Bibliografia Prac Pracowników - BPK | 76402 | Rozdział |
